Historia de la interpretación de las normas en el Derecho Romano
Պահպանված է:
| Հիմնական հեղինակ: | |
|---|---|
| Ձևաչափ: | Գիրք |
| Լեզու: | իսպաներեն |
| Հրապարակվել է: |
Santiago, Chile:
Ediciones del Instituto de Historia del Derecho,
2000.
|
| Շարք: | Biblioteca Juan de Solórzano y Pereyra,
|
| Խորագրեր: | |
| Ցուցիչներ: |
Ավելացրեք ցուցիչ
Չկան պիտակներ, Եղեք առաջինը, ով նշում է այս գրառումը!
|
MARC
| LEADER | 00000nam a2200000 a 4500 | ||
|---|---|---|---|
| 001 | UCO6054 | ||
| 003 | CL-VaPUC | ||
| 005 | 20241107120310.0 | ||
| 008 | 001006e20000000CL |||||||||||||||||spa|d | ||
| 999 | |c 291846 |d 291844 | ||
| 020 | |a 956-8022-01-5 (título) | ||
| 020 | |a 956-8022-00-7 (colección) | ||
| 040 | |c Pontificia Universidad Católica de Valparaíso | ||
| 082 | 0 | 4 | |a 340.54 GUZ 2000 |2 21 |
| 100 | |a Guzmán Brito, Alejandro Ángel |e autor |9 388 | ||
| 245 | 1 | 0 | |a Historia de la interpretación de las normas en el Derecho Romano |
| 260 | |a Santiago, Chile: |b Ediciones del Instituto de Historia del Derecho, |c 2000. | ||
| 300 | |a 466 páginas. | ||
| 490 | 0 | |a Biblioteca Juan de Solórzano y Pereyra, |n 1. | |
| 500 | |a c.3 Donación Familia Prof. Alejandro Guzmán Brito. c.4 Donación Profesor López Santamaria. Memo DER 25-10-2024 | ||
| 583 | |a last modification |c 20001006 00:00:00 |k Rodrigo Vera | ||
| 650 | 0 | |a Derecho romano |9 255930 | |
| 650 | 0 | |a Filosofía del derecho |9 255050 | |
| 650 | 0 | |a Interpretación de la ley |9 257376 | |
| 650 | 0 | |a Lenguaje jurídico |9 255988 | |
| 942 | |c BK |2 ddc | ||
| 945 | |d 20001006 00:00:00 |a vberengu | ||
| 952 | |0 0 |1 0 |2 ddc |4 0 |6 340_540000000000000_GUZ_2000 |7 1 |8 C_LRYV |9 342089 |a BIBDER |b BIBDER |d 2019-11-20 |i 3653064 |l 3 |o 340.54 GUZ 2000 |p 3653064 |r 2023-01-25 |s 2022-04-05 |w 2019-11-20 |y BK_X |k BRV | ||
| 952 | |0 0 |1 0 |4 0 |6 340_540000000000000_GUZ_2000 |7 0 |8 DER_ROM |9 342090 |a BIBDER |b BIBDER |d 2019-11-20 |i 3653072 |l 3 |o 340.54 GUZ 2000 |p 3653072 |r 2023-01-25 |s 2022-09-09 |w 2019-11-20 |x Ubicación 4to piso |y BK |z Este recurso debe solicitarse con anticipación |k DER | ||
| 952 | |0 0 |1 0 |2 ddc |4 0 |5 3 |6 340_540000000000000_GUZ_2000 |7 0 |8 C_AGB |9 580257 |a BIBDER |b BIBDER |d 2022-01-07 |e Donación |i 5635853 |o 340.54 GUZ 2000 |p 5635853 |r 2023-01-25 |t 3 |w 2022-01-07 |y BK_US |k AGB | ||
| 952 | |0 0 |1 0 |2 ddc |4 0 |6 340_540000000000000_GUZ_2000 |7 0 |8 A |9 597836 |a BIBDER |b BIBDER |d 2024-11-07 |e Donación |i 5663138 |o 340.54 GUZ 2000 |p 5663138 |r 2024-11-07 |t 4 |w 2024-11-07 |y BK |k DER | ||